Wild Kratts Episodes - Statistics

General Stats
  • This quiz has been taken 45 times
    15 since last reset
  • The average score is 52 of 170
Answer Stats
Answer % Correct
Mom of a Croc
67%
Moose Nibbles
67%
Aardvark Town
50%
Back in Creature Time: Tasmanian Tiger
50%
Cheeks the Hamster
50%
Duck, Duck, Loon!
50%
Flight of the Pollinators
50%
Platypus Cafe
50%
Prairie Who?
50%
Puffin Rescue
50%
Shapes of the Armadillo
50%
Spirit Bear
50%
Stealthazar the Leopard
50%
Tenrec Treasure Hunt
50%
The Blue and the Gray
50%
The Butternut Tree
50%
The Cobra King
50%
A Bat in the Brownies
33%
A Creature Christmas
33%
Activate Kid Power
33%
A Fish Out of Water
33%
A Huge Orange Problem
33%
Amazin' Amazon Adventure
33%
Animals Who Live to be 100 Years Old
33%
Back in Creature Time: Day of the Dodo
33%
Backpack the Camel
33%
Bad Hair Day
33%
Bandito: The Black-Footed Ferret
33%
Bass Class
33%
Blowfish Blowout
33%
Box Turtled In!
33%
Bugs or Monkeys?
33%
Build It Beaver
33%
Capture the Fishmobile
33%
Cats and Dogs
33%
Chameleons on Target
33%
Chimpanzee and Me
33%
Creature Power Challenge
33%
Creatures of the Deep Sea
33%
Creepy Creatures!
33%
Deer Buckaroo
33%
Cheetah Racer
33%
Hammerheads
33%
Elephant Brains!
33%
Elephant in the Room
33%
Falcon City
33%
Fire Salamander
33%
Flight of the Draco
33%
Fossa-Palooza
33%
Gila Monster Under My House
33%
Golden Bamboo Lemur
33%
Golden Snub Nosed Monkey Man
33%
Happy Turkey Day
33%
In Search of the Easter Bunny
33%
Kickin' It With the Roos
33%
Koala Balloon
33%
Komodo Dragon
33%
Lemur Legs
33%
Lemur Stink Fight
33%
Let the Rhinos Roll!
33%
Little Howler
33%
Liturgusa Krattorum
33%
Mimic
33%
Mini Heroes and Mighty Mouths
33%
Mosquito Dragon
33%
Musk Ox Mania
33%
Mystery of the Flamingo's Pink
33%
Mystery of the Mini Monkey Models
33%
Mystery of the Squirmy Wormy
33%
Mystery of the Weird Looking Walrus
33%
Mystery on the Prairie
33%
Neck and Neck
33%
No Name Dream
33%
Octopus Wildkratticus
33%
Opossum in My Pocket
33%
Osprey
33%
Our Blue and Green World
33%
Outfoxed
33%
Owl Odyssey
33%
Panda Power Up!
33%
Pangolin Rescue
33%
Parrot Power
33%
Polar Bears Don't Dance
33%
Praying Mantis
33%
Quillber's Birthday Present
33%
Rainforest Stew
33%
Raptor Round Up
33%
Rattlesnake Crystal
33%
Red Panda Rescue
33%
Rocket Jaw: Rescuer of the Reef
33%
Seahorse Rodeo
33%
Sea Otter Swim
33%
Seasquatch
33%
Secrets of the Spider's Web
33%
Shadow: The Black Jaguar
33%
Skunked!
33%
Slider: The Otter
33%
Sloth Bear Suction
33%
Snow Runners
33%
Speaking Dolphinese
33%
Spots in the Desert
33%
Stars of the Tide
33%
Stuck on Sharks
33%
Tardigrade Xtreme
33%
Tazzy Chris
33%
Temple of Tigers
33%
Termites Versus Tongues
33%
The Amazing Creature Race
33%
The Colors of China
33%
The Dhole Duplicator
33%
The Food Chain Game
33%
The Gecko Effect
33%
The Great Creature Tail Fail
33%
The Great Froggyback Ride
33%
The Hermit Crab Shell Exchange
33%
The Last Largest Lobster
33%
The Mystery of the Two Horned Narwhal
33%
The Other Martins
33%
Tortuga Tune Up
33%
To Touch a Hummingbird
33%
Walk on the Wetside
33%
Whale of a Squid
33%
When Fish Fly
33%
Where the Bison Roam
33%
Wild Kratts Alaska: Hero's Journey
33%
Wild Ponies
33%
Wolf Hawks
33%
Zig-Zagged
33%
Adapto the Coyote
17%
Aquafrog
17%
Archerfish School
17%
Attack of the Tree Eating Aliens
17%
Aye Aye
17%
Baby Tooth and Kid Musky
17%
Birds of a Feather
17%
Blue Heron
17%
Bumblezzz
17%
Caracal-Minton
17%
Cheetah Adopted
17%
Choose Your Swordfish
17%
Clever the Raven
17%
Crocogator Contest
17%
Eel-lectric!
17%
Googly Eye: The Night Guru
17%
Groundhog Wakeup Call
17%
Hercules - The Giant Beetle
17%
Honey Seekers
17%
Iron Wolverine
17%
Journey to the Subnivean Zone
17%
Kerhonk
17%
Masked Bandits
17%
Mini Madagascar
17%
Mystery of the North Pole Penguins?
17%
Race for the Hippo Disc
17%
Race to Goat Mountain
17%
Roadrunner
17%
Salamander Streaming
17%
Search for the Florida Panther
17%
Snowy Owl Invasion
17%
The Erminator
17%
The Fourth Bald Eagle
17%
The Real Ant Farm
17%
The Vanishing Stingray
17%
This Orca Likes Sharks
17%
Uh-Oh Ostrich
17%
Under Frozen Pond
17%
Voyage of the Butterflier XT
17%
City Hoppers!
0%
Desert Elves
0%
Fireflies
0%
No matching quizzes found
Score Distribution
Percent of People with Each Score
Percentile by Number Answered
Your Score History
You have not taken this quiz since the last reset